[Event "55th Rubinstein Memorial-A 2019"]
[Site "Polanica-Zdroj"]
[Date "2019.08.21"]
[Round "5.15"]
[White "Lukasiewicz, Krzysztof"]
[Black "Wysocki, Mateusz"]
[Result "1-0"]
[WhiteElo "2185"]
[BlackElo "1786"]
[Annotator "NA"]
[PlyCount "69"]
[EventDate "2019.08.17"]
[EventType "swiss"]
[EventCountry "POL"]
[SourceTitle "playchess.com"]
[Source "ChessBase"]
[SourceQuality "1"]
[TimeControl "40/5400+30:1800+30"]

1. e4 {[%emt 0:00:00]} c5 {[%emt 0:00:00]} 2. Nf3 {[%emt 0:00:00]} e6 {[%emt 0:00:19]} 3. d4 {[%emt 0:00:00]} cxd4 {[%emt 0:00:08]} 4. Nxd4 {[%emt 0:00:00]} a6 {[%emt 0:00:13]} 5. Nc3 {[%emt 0:00:04]} Qc7 {[%emt 0:00:39]} 6. g3 {[%emt 0:00:06]} Nc6 {[%emt 0:00:05]} 7. Bg2 {[%emt 0:00:03]} Nf6 {[%emt 0:00:11]} 8. O-O {[%emt 0:00:19]} Be7 {[%emt 0:00:32]} 9. Re1 {[%emt 0:00:12]} d6 {[%emt 0:00:48]} 10. Nxc6 {[%emt 0:00:06]} bxc6 {[%emt 0:00:08]} 11. e5 {[%emt 0:00:04]} dxe5 {[%emt 0:03:14]} 12. Rxe5 {[%emt 0:01:53]} O-O {[%emt 0:03:43]} 13. Bf4 {[%emt 0:04:13]} Bd6 {[%emt 0:09:57]} 14. Rxe6 {[%emt 0:02:33]} Bxe6 {[%emt 0:01:20]} 15. Bxd6 {[%emt 0:00:05]} Qb6 {[%emt 0:00:52]} 16. Bxf8 {[%emt 0:00:19]} Rxf8 {[%emt 0:00:06]} 17. b3 {[%emt 0:04:51]} Rd8 {[%emt 0:08:02]} 18. Qe1 {[%emt 0:03:12]} Bf5 {[%emt 0:00:40]} 19. Rc1 {[%emt 0:02:38]} c5 {[%emt 0:02:56]} 20. Qe5 {[%emt 0:03:19]} Bg6 {[%emt 0:14:39]} 21. Na4 {[%emt 0:27:09]} Qb4 {[%emt 0:02:24]} 22. Qxc5 {[%emt 0:00:16]} Qd2 {[%emt 0:00:06]} 23. Qe3 {[%emt 0:00:04]} Bxc2 {[%emt 0:05:50]} 24. Qxd2 {[%emt 0:00:19]} Rxd2 {[%emt 0:00:08]} 25. Nc5 {[%emt 0:01:01]} h5 {[%emt 0:00:26]} 26. Nxa6 {[%emt 0:02:38]} Ng4 {[%emt 0:01:09]} 27. Nb4 {[%emt 0:02:52]} Bd1 {[%emt 0:03:52]} 28. Rc8+ {[%emt 0:09:32]} Kh7 {[%emt 0:00:08]} 29. Rc5 {[%emt 0:00:16]} g6 {[%emt 0:03:57]} 30. Rd5 {[%emt 0:01:15]} Rxf2 {[%emt 0:01:48]} 31. Rxd1 {[%emt 0:00:28]} Rxg2+ {[%emt 0:00:05]} 32. Kxg2 {[%emt 0:00:02]} Ne3+ {[%emt 0:00:08]} 33. Kf3 {[%emt 0:00:10]} Nxd1 {[%emt 0:00:04]} 34. Nd5 {[%emt 0:00:07]} Nb2 {[%emt 0:00:31]} 35. Ke4 1-0

[Event "55th Rubinstein Memorial-A 2019"]
[Site "Polanica-Zdroj"]
[Date "2019.08.21"]
[Round "5.16"]
[White "Kozlowski, Pawel"]
[Black "Niedbala, Bartlomiej"]
[Result "0-1"]
[WhiteElo "1763"]
[BlackElo "2169"]
[Annotator "NA"]
[PlyCount "122"]
[EventDate "2019.08.17"]
[EventType "swiss"]
[EventCountry "POL"]
[SourceTitle "playchess.com"]
[Source "ChessBase"]
[SourceQuality "1"]
[TimeControl "40/5400+30:1800+30"]

1. f4 {[%emt 0:03:57]} Nh6 {[%emt 0:04:18]} 2. Nf3 {[%emt 0:01:46]} d5 {[%emt 0:00:18]} 3. b3 {[%emt 0:00:47]} Bg4 {[%emt 0:04:32]} 4. e3 {[%emt 0:00:48]} Nf5 {[%emt 0:04:05]} 5. Be2 {[%emt 0:03:20]} e6 {[%emt 0:01:28]} 6. O-O {[%emt 0:03:50]} Bxf3 {[%emt 0:05:31]} 7. Bxf3 {[%emt 0:03:35]} Qf6 {[%emt 0:00:15]} 8. d4 {[%emt 0:01:43]} c6 {[%emt 0:09:11]} 9. Qd3 {[%emt 0:05:01]} Nd7 {[%emt 0:02:22]} 10. c4 {[%emt 0:02:23]} h5 {[%emt 0:07:43]} 11. Nc3 {[%emt 0:02:28]} g6 {[%emt 0:05:36]} 12. Bd2 {[%emt 0:04:09]} Bg7 {[%emt 0:00:39]} 13. cxd5 {[%emt 0:27:19]} exd5 {[%emt 0:00:16]} 14. Bxd5 {[%emt 0:00:15]} cxd5 {[%emt 0:03:51]} 15. Nxd5 {[%emt 0:00:08]} Qd8 {[%emt 0:12:23]} 16. Bb4 {[%emt 0:04:36]} Nf6 {[%emt 0:00:14]} 17. Qb5+ {[%emt 0:00:16]} Qd7 {[%emt 0:00:04]} 18. Nc7+ {[%emt 0:00:07]} Kd8 {[%emt 0:00:05]} 19. Qxd7+ {[%emt 0:09:51]} Kxd7 {[%emt 0:00:07]} 20. Nxa8 {[%emt 0:00:04]} Rxa8 {[%emt 0:00:06]} 21. Bd2 {[%emt 0:10:52]} Ne4 {[%emt 0:02:17]} 22. Rad1 {[%emt 0:01:55]} Nxd2 {[%emt 0:00:40]} 23. Rxd2 {[%emt 0:00:02]} Nxe3 {[%emt 0:00:02]} 24. Re1 {[%emt 0:00:48]} Nf5 {[%emt 0:00:19]} 25. Red1 {[%emt 0:00:46]} Re8 {[%emt 0:00:36]} 26. g3 {[%emt 0:01:21]} Kd6 {[%emt 0:00:37]} 27. d5 {[%emt 0:00:45]} Re4 {[%emt 0:00:33]} 28. Rc1 {[%emt 0:01:58]} Bd4+ {[%emt 0:00:15]} 29. Kg2 {[%emt 0:01:21]} Be3 {[%emt 0:00:39]} 30. Re1 {[%emt 0:01:35]} Rxf4 {[%emt 0:04:46]} 31. gxf4 {[%emt 0:05:49]} Bxd2 {[%emt 0:00:05]} 32. Re8 {[%emt 0:01:07]} Kxd5 {[%emt 0:00:15]} 33. Rd8+ {[%emt 0:00:41]} Nd6 {[%emt 0:00:01]} 34. Kf3 {[%emt 0:00:11]} Bc3 {[%emt 0:01:16]} 35. Rd7 {[%emt 0:00:58]} Bf6 {[%emt 0:01:02]} 36. Rc7 {[%emt 0:00:17]} a5 {[%emt 0:00:22]} 37. a4 {[%emt 0:00:41]} b6 {[%emt 0:00:01]} 38. h3 {[%emt 0:00:38]} Bd4 {[%emt 0:00:17]} 39. Rd7 {[%emt 0:00:35]} Bc5 {[%emt 0:00:12]} 40. Re7 {[%emt 0:00:00]} Kd4 {[%emt 0:00:00]} 41. f5 {[%emt 0:03:15]} g5 {[%emt 0:00:54]} 42. f6 {[%emt 0:00:59]} Kd5 {[%emt 0:00:08]} 43. h4 {[%emt 0:03:07]} gxh4 {[%emt 0:00:16]} 44. Kf4 {[%emt 0:02:45]} h3 {[%emt 0:01:12]} 45. Re5+ {[%emt 0:00:24]} Kc6 {[%emt 0:00:33]} 46. Rxh5 {[%emt 0:00:13]} Bd4 {[%emt 0:00:02]} 47. Rxh3 {[%emt 0:02:36]} Bxf6 {[%emt 0:00:02]} 48. Rh5 {[%emt 0:01:31]} Bd4 {[%emt 0:00:07]} 49. Kf3 {[%emt 0:00:57]} f6 {[%emt 0:00:17]} 50. Ke2 {[%emt 0:00:45]} f5 {[%emt 0:00:09]} 51. Kd3 {[%emt 0:00:28]} Bc5 {[%emt 0:00:01]} 52. Rh4 {[%emt 0:02:50]} Kd5 {[%emt 0:00:02]} 53. Rh5 {[%emt 0:00:25]} Ke5 {[%emt 0:00:01]} 54. Rh8 {[%emt 0:01:00]} Kf4 {[%emt 0:00:08]} 55. Ke2 {[%emt 0:01:05]} Ke4 {[%emt 0:00:03]} 56. Rh3 {[%emt 0:02:33]} f4 {[%emt 0:00:04]} 57. Rh6 {[%emt 0:02:06]} f3+ {[%emt 0:00:05]} 58. Kf1 {[%emt 0:00:02]} Nf5 {[%emt 0:00:07]} 59. Re6+ {[%emt 0:00:14]} Kd3 {[%emt 0:00:06]} 60. Rg6 {[%emt 0:00:38]} Kc3 {[%emt 0:00:01]} 61. Rg5 {[%emt 0:00:29]} Nd4 {[%emt 0:00:08]} 0-1

[Event "55th Rubinstein Memorial-A 2019"]
[Site "Polanica-Zdroj"]
[Date "2019.08.21"]
[Round "5.17"]
[White "Mazalon, Mariusz"]
[Black "Skiba, Aleksandra"]
[Result "1-0"]
[WhiteElo "2012"]
[BlackElo "1703"]
[Annotator "NA"]
[PlyCount "71"]
[EventDate "2019.08.17"]
[EventType "swiss"]
[EventCountry "POL"]
[SourceTitle "playchess.com"]
[Source "ChessBase"]
[SourceQuality "1"]
[TimeControl "40/5400+30:1800+30"]

1. d4 {[%emt 0:05:46]} Nf6 {[%emt 0:00:00]} 2. c4 {[%emt 0:00:21]} e6 {[%emt 0:00:00]} 3. Nf3 {[%emt 0:01:22]} d5 {[%emt 0:00:21]} 4. g3 {[%emt 0:00:54]} Be7 {[%emt 0:00:15]} 5. Bg2 {[%emt 0:00:07]} O-O {[%emt 0:00:10]} 6. O-O {[%emt 0:00:07]} dxc4 {[%emt 0:01:13]} 7. Na3 {[%emt 0:00:26]} Bxa3 {[%emt 0:03:25]} 8. bxa3 {[%emt 0:08:21]} Bd7 {[%emt 0:03:26]} 9. Ne5 {[%emt 0:06:04]} Bc6 {[%emt 0:02:06]} 10. f3 {[%emt 0:00:15]} b5 {[%emt 0:15:33]} 11. a4 {[%emt 0:04:14]} a6 {[%emt 0:02:45]} 12. Ba3 {[%emt 0:10:06]} Nd5 {[%emt 0:08:16]} 13. Bxf8 {[%emt 0:12:12]} Ne3 {[%emt 0:00:06]} 14. Qd2 {[%emt 0:16:19]} Nxf1 {[%emt 0:00:59]} 15. Rxf1 {[%emt 0:03:35]} Qxf8 {[%emt 0:01:09]} 16. Rb1 {[%emt 0:02:24]} Qd6 {[%emt 0:14:07]} 17. e3 {[%emt 0:00:25]} Be8 {[%emt 0:01:11]} 18. f4 {[%emt 0:01:49]} Ra7 {[%emt 0:01:25]} 19. Nxc4 {[%emt 0:01:28]} Qd8 {[%emt 0:05:37]} 20. Qb2 {[%emt 0:05:57]} c6 {[%emt 0:05:16]} 21. Qb4 {[%emt 0:04:07]} a5 {[%emt 0:02:40]} 22. Qc5 {[%emt 0:00:34]} Ra6 {[%emt 0:04:04]} 23. Nd6 {[%emt 0:03:46]} b4 {[%emt 0:04:23]} 24. Rc1 {[%emt 0:00:32]} Nd7 {[%emt 0:02:35]} 25. Qc4 {[%emt 0:00:50]} Nb8 {[%emt 0:00:06]} 26. Nxe8 {[%emt 0:03:32]} Qxe8 {[%emt 0:00:07]} 27. Qc5 {[%emt 0:00:13]} g6 {[%emt 0:02:28]} 28. Qd6 {[%emt 0:00:38]} c5 {[%emt 0:05:23]} 29. Qxc5 {[%emt 0:00:24]} Nd7 {[%emt 0:02:03]} 30. Qb5 {[%emt 0:00:49]} Ra7 {[%emt 0:00:41]} 31. Bb7 {[%emt 0:01:10]} Qe7 {[%emt 0:02:31]} 32. Rc7 {[%emt 0:00:39]} b3 {[%emt 0:01:58]} 33. axb3 {[%emt 0:00:17]} Qa3 {[%emt 0:01:02]} 34. Qxd7 {[%emt 0:00:15]} Qa1+ {[%emt 0:00:19]} 35. Kg2 {[%emt 0:00:15]} Qa2+ {[%emt 0:00:15]} 36. Kh3 {[%emt 0:00:07]} 1-0

[Event "55th Rubinstein Memorial-A 2019"]
[Site "Polanica-Zdroj"]
[Date "2019.08.21"]
[Round "5.18"]
[White "Rak, Maciej"]
[Black "Kopica, Paulina"]
[Result "1/2-1/2"]
[WhiteElo "1779"]
[BlackElo "1932"]
[Annotator "NA"]
[PlyCount "61"]
[EventDate "2019.08.17"]
[EventType "swiss"]
[EventCountry "POL"]
[SourceTitle "playchess.com"]
[Source "ChessBase"]
[SourceQuality "1"]
[TimeControl "40/5400+30:1800+30"]

1. e4 {[%emt 0:00:00]} e6 {[%emt 0:00:00]} 2. d4 {[%emt 0:00:11]} d5 {[%emt 0:00:00]} 3. Nd2 {[%emt 0:00:17]} a6 {[%emt 0:00:00]} 4. Bd3 {[%emt 0:00:43]} c5 {[%emt 0:00:00]} 5. dxc5 {[%emt 0:00:32]} Bxc5 {[%emt 0:00:09]} 6. Ngf3 {[%emt 0:00:43]} Nc6 {[%emt 0:00:43]} 7. O-O {[%emt 0:00:50]} Nge7 {[%emt 0:04:39]} 8. exd5 {[%emt 0:03:38]} exd5 {[%emt 0:01:32]} 9. Nb3 {[%emt 0:01:51]} Bb6 {[%emt 0:00:31]} 10. c3 {[%emt 0:02:57]} Bf5 {[%emt 0:04:25]} 11. Bxf5 {[%emt 0:03:30]} Nxf5 {[%emt 0:00:05]} 12. Re1+ {[%emt 0:00:51]} Nfe7 {[%emt 0:02:10]} 13. Bg5 {[%emt 0:06:03]} O-O {[%emt 0:05:50]} 14. Nbd4 {[%emt 0:06:22]} Qd7 {[%emt 0:04:37]} 15. Bxe7 {[%emt 0:04:40]} Nxe7 {[%emt 0:00:09]} 16. Qd3 {[%emt 0:04:29]} Ng6 {[%emt 0:10:06]} 17. Ne5 {[%emt 0:02:34]} Nxe5 {[%emt 0:05:22]} 18. Rxe5 {[%emt 0:00:05]} Bc7 {[%emt 0:00:17]} 19. Re2 {[%emt 0:05:33]} Rfe8 {[%emt 0:02:42]} 20. Rae1 {[%emt 0:02:07]} Rxe2 {[%emt 0:05:56]} 21. Qxe2 {[%emt 0:01:29]} g6 {[%emt 0:00:27]} 22. g3 {[%emt 0:01:59]} Kf8 {[%emt 0:01:27]} 23. Qf3 {[%emt 0:11:24]} Re8 {[%emt 0:04:38]} 24. Rd1 {[%emt 0:05:19]} Be5 {[%emt 0:13:35]} 25. Kg2 {[%emt 0:03:28]} Qa4 {[%emt 0:05:49]} 26. a3 {[%emt 0:03:56]} Kg7 {[%emt 0:07:32]} 27. Rd2 {[%emt 0:02:06]} Rd8 {[%emt 0:01:29]} 28. h4 {[%emt 0:10:06]} h5 {[%emt 0:04:34]} 29. Qd1 {[%emt 0:12:57]} Qxd1 {[%emt 0:02:36]} 30. Rxd1 {[%emt 0:00:01]} Kf6 {[%emt 0:00:58]} 31. Kf3 {[%emt 0:01:31]} 1/2-1/2

[Event "55th Rubinstein Memorial-A 2019"]
[Site "Polanica-Zdroj"]
[Date "2019.08.21"]
[Round "5.19"]
[White "Rogacewicz, Mikolaj"]
[Black "Wloch, Mikolaj"]
[Result "1-0"]
[WhiteElo "1925"]
[BlackElo "1771"]
[Annotator "NA"]
[PlyCount "79"]
[EventDate "2019.08.17"]
[EventType "swiss"]
[EventCountry "POL"]
[SourceTitle "playchess.com"]
[Source "ChessBase"]
[SourceQuality "1"]
[TimeControl "40/5400+30:1800+30"]

1. d4 {[%emt 0:00:00]} d5 {[%emt 0:00:00]} 2. c4 {[%emt 0:00:00]} c6 {[%emt 0:00:00]} 3. Nf3 {[%emt 0:00:00]} Nf6 {[%emt 0:00:00]} 4. e3 {[%emt 0:00:00]} e6 {[%emt 0:00:00]} 5. b3 {[%emt 0:00:00]} Bd6 {[%emt 0:01:00]} 6. Bb2 {[%emt 0:00:52]} O-O {[%emt 0:04:09]} 7. Bd3 {[%emt 0:00:37]} dxc4 {[%emt 0:00:16]} 8. bxc4 {[%emt 0:01:38]} Nbd7 {[%emt 0:05:43]} 9. O-O {[%emt 0:00:49]} Re8 {[%emt 0:03:53]} 10. Ne5 {[%emt 0:02:20]} c5 {[%emt 0:05:33]} 11. Nd2 {[%emt 0:10:43]} Qc7 {[%emt 0:02:29]} 12. Ndf3 {[%emt 0:03:53]} h6 {[%emt 0:06:14]} 13. a4 {[%emt 0:18:20]} b6 {[%emt 0:03:57]} 14. a5 {[%emt 0:02:26]} Bb7 {[%emt 0:02:14]} 15. h3 {[%emt 0:07:22]} Rad8 {[%emt 0:12:11]} 16. Qc2 {[%emt 0:04:25]} Bxf3 {[%emt 0:05:43]} 17. Nxf3 {[%emt 0:03:32]} e5 {[%emt 0:00:20]} 18. axb6 {[%emt 0:01:16]} axb6 {[%emt 0:00:05]} 19. dxe5 {[%emt 0:02:22]} Nxe5 {[%emt 0:00:05]} 20. Be2 {[%emt 0:00:33]} Nfd7 {[%emt 0:03:13]} 21. Ra4 {[%emt 0:03:20]} Nc6 {[%emt 0:02:59]} 22. Bc3 {[%emt 0:05:18]} Nde5 {[%emt 0:05:46]} 23. Rfa1 {[%emt 0:03:59]} Qe7 {[%emt 0:02:28]} 24. Qb2 {[%emt 0:02:40]} Bc7 {[%emt 0:02:24]} 25. Ne1 {[%emt 0:10:10]} Qe6 {[%emt 0:06:28]} 26. Nf3 {[%emt 0:02:12]} Qd6 {[%emt 0:01:50]} 27. g3 {[%emt 0:02:55]} Qg6 {[%emt 0:03:43]} 28. Nh4 {[%emt 0:02:37]} Qe6 {[%emt 0:01:27]} 29. Kg2 {[%emt 0:01:31]} f6 {[%emt 0:04:36]} 30. Qc2 {[%emt 0:01:28]} Ne7 {[%emt 0:01:40]} 31. Nf3 {[%emt 0:02:10]} N7c6 {[%emt 0:02:12]} 32. Rb1 {[%emt 0:01:01]} Re7 {[%emt 0:05:22]} 33. Nh4 {[%emt 0:00:42]} Red7 {[%emt 0:01:25]} 34. Qf5 {[%emt 0:01:55]} Qe7 {[%emt 0:02:45]} 35. Qe4 {[%emt 0:01:13]} Qf7 {[%emt 0:02:06]} 36. f4 {[%emt 0:00:39]} Nd3 {[%emt 0:00:15]} 37. Qxc6 {[%emt 0:00:29]} g5 {[%emt 0:00:47]} 38. Nf5 {[%emt 0:00:58]} Qg6 {[%emt 0:01:43]} 39. Bxd3 {[%emt 0:00:47]} Rxd3 {[%emt 0:00:13]} 40. Ne7+ {[%emt 0:00:00]} 1-0

[Event "55th Rubinstein Memorial-A 2019"]
[Site "Polanica-Zdroj"]
[Date "2019.08.21"]
[Round "5.20"]
[White "Siekanska, Maria"]
[Black "Szczurek, Krzysztof"]
[Result "0-1"]
[WhiteElo "1677"]
[BlackElo "2112"]
[Annotator "NA"]
[PlyCount "72"]
[EventDate "2019.08.17"]
[EventType "swiss"]
[EventCountry "POL"]
[SourceTitle "playchess.com"]
[Source "ChessBase"]
[SourceQuality "1"]
[TimeControl "40/5400+30:1800+30"]

1. d4 {[%emt 0:00:00]} Nf6 {[%emt 0:00:00]} 2. c4 {[%emt 0:00:00]} g6 {[%emt 0:00:00]} 3. Nc3 {[%emt 0:00:00]} Bg7 {[%emt 0:00:00]} 4. e4 {[%emt 0:00:00]} d6 {[%emt 0:00:00]} 5. Nf3 {[%emt 0:00:00]} O-O {[%emt 0:00:00]} 6. Be2 {[%emt 0:00:06]} Nbd7 {[%emt 0:00:03]} 7. O-O {[%emt 0:00:19]} e5 {[%emt 0:00:06]} 8. Re1 {[%emt 0:00:29]} c6 {[%emt 0:00:13]} 9. Bf1 {[%emt 0:00:19]} Qe7 {[%emt 0:00:13]} 10. d5 {[%emt 0:01:03]} c5 {[%emt 0:00:07]} 11. Rb1 {[%emt 0:04:32]} h6 {[%emt 0:01:42]} 12. b4 {[%emt 0:02:56]} Nh7 {[%emt 0:01:06]} 13. Be3 {[%emt 0:01:40]} cxb4 {[%emt 0:01:26]} 14. Rxb4 {[%emt 0:07:48]} f5 {[%emt 0:09:17]} 15. Nb5 {[%emt 0:14:56]} fxe4 {[%emt 0:11:43]} 16. Nd2 {[%emt 0:00:16]} Nc5 {[%emt 0:00:05]} 17. Bxc5 {[%emt 0:02:06]} dxc5 {[%emt 0:00:05]} 18. Rb2 {[%emt 0:02:44]} Nf6 {[%emt 0:10:51]} 19. Nc3 {[%emt 0:01:35]} Bf5 {[%emt 0:03:33]} 20. g3 {[%emt 0:13:39]} e3 {[%emt 0:03:19]} 21. Rxe3 {[%emt 0:01:12]} Ng4 {[%emt 0:01:22]} 22. Nde4 {[%emt 0:06:41]} Nxe3 {[%emt 0:00:58]} 23. fxe3 {[%emt 0:00:01]} b6 {[%emt 0:00:57]} 24. Bg2 {[%emt 0:00:39]} Rad8 {[%emt 0:00:43]} 25. Qe1 {[%emt 0:01:36]} h5 {[%emt 0:05:42]} 26. h3 {[%emt 0:01:06]} Bh6 {[%emt 0:07:37]} 27. Re2 {[%emt 0:03:49]} Kh8 {[%emt 0:02:20]} 28. Qd1 {[%emt 0:02:38]} Rf7 {[%emt 0:01:54]} 29. Qe1 {[%emt 0:00:29]} g5 {[%emt 0:05:55]} 30. Qd1 {[%emt 0:01:26]} Rff8 {[%emt 0:01:22]} 31. Qe1 {[%emt 0:00:16]} Bg6 {[%emt 0:01:52]} 32. Qd1 {[%emt 0:01:11]} Qh7 {[%emt 0:00:26]} 33. Qe1 {[%emt 0:01:40]} Rf7 {[%emt 0:01:11]} 34. Qd1 {[%emt 0:01:07]} g4 {[%emt 0:00:30]} 35. h4 {[%emt 0:00:11]} Rf3 {[%emt 0:02:05]} 36. Bxf3 {[%emt 0:05:02]} gxf3 {[%emt 0:00:13]} 0-1

[Event "55th Rubinstein Memorial-A 2019"]
[Site "Polanica-Zdroj"]
[Date "2019.08.21"]
[Round "5.21"]
[White "Galuszka, Kamil"]
[Black "Adamczyk, Zuzanna"]
[Result "1/2-1/2"]
[WhiteElo "2058"]
[BlackElo "1911"]
[Annotator "NA"]
[PlyCount "101"]
[EventDate "2019.08.17"]
[EventType "swiss"]
[EventCountry "POL"]
[SourceTitle "playchess.com"]
[Source "ChessBase"]
[SourceQuality "1"]
[TimeControl "40/5400+30:1800+30"]

1. e4 {[%emt 0:00:00]} c5 {[%emt 0:00:00]} 2. Qe2 {[%emt 0:00:00]} Nc6 {[%emt 0:00:29]} 3. Nf3 {[%emt 0:00:00]} e6 {[%emt 0:03:19]} 4. g3 {[%emt 0:01:43]} g6 {[%emt 0:01:10]} 5. Bg2 {[%emt 0:00:08]} Bg7 {[%emt 0:00:25]} 6. O-O {[%emt 0:00:08]} Nge7 {[%emt 0:00:36]} 7. e5 {[%emt 0:03:08]} d6 {[%emt 0:04:34]} 8. exd6 {[%emt 0:01:50]} Qxd6 {[%emt 0:01:25]} 9. Nc3 {[%emt 0:00:57]} b6 {[%emt 0:09:43]} 10. Rd1 {[%emt 0:21:20]} a6 {[%emt 0:07:18]} 11. d4 {[%emt 0:13:21]} cxd4 {[%emt 0:04:50]} 12. Ne4 {[%emt 0:00:06]} Qd7 {[%emt 0:10:07]} 13. c3 {[%emt 0:04:14]} O-O {[%emt 0:04:01]} 14. cxd4 {[%emt 0:10:16]} Bb7 {[%emt 0:05:11]} 15. Be3 {[%emt 0:06:25]} Nd5 {[%emt 0:07:00]} 16. Nc3 {[%emt 0:00:07]} Nce7 {[%emt 0:03:30]} 17. Rac1 {[%emt 0:02:28]} Rfd8 {[%emt 0:03:21]} 18. Bg5 {[%emt 0:02:38]} f6 {[%emt 0:08:32]} 19. Bd2 {[%emt 0:00:09]} Bc6 {[%emt 0:04:40]} 20. Re1 {[%emt 0:01:22]} Nxc3 {[%emt 0:09:49]} 21. bxc3 {[%emt 0:04:04]} Kf7 {[%emt 0:02:13]} 22. g4 {[%emt 0:03:37]} Rac8 {[%emt 0:01:58]} 23. g5 {[%emt 0:04:19]} f5 {[%emt 0:03:21]} 24. Bf4 {[%emt 0:07:49]} b5 {[%emt 0:01:43]} 25. Ne5+ {[%emt 0:05:02]} Bxe5 {[%emt 0:00:04]} 26. Qxe5 {[%emt 0:00:03]} Ng8 {[%emt 0:00:28]} 27. Qh8 {[%emt 0:01:08]} Kf8 {[%emt 0:00:48]} 28. Be5 {[%emt 0:00:59]} Bxg2 {[%emt 0:01:00]} 29. Kxg2 {[%emt 0:00:02]} Qd5+ {[%emt 0:00:56]} 30. Kg1 {[%emt 0:00:00]} Rd7 {[%emt 0:00:36]} 31. Re3 {[%emt 0:00:01]} Rf7 {[%emt 0:00:36]} 32. Rce1 {[%emt 0:00:16]} Re8 {[%emt 0:00:33]} 33. Rh3 {[%emt 0:00:09]} Qd7 {[%emt 0:00:21]} 34. Bf4 {[%emt 0:00:59]} Rg7 {[%emt 0:00:32]} 35. a3 {[%emt 0:02:14]} Ra8 {[%emt 0:00:35]} 36. Rhe3 {[%emt 0:00:44]} Re8 {[%emt 0:00:30]} 37. Re5 {[%emt 0:00:27]} Kf7 {[%emt 0:00:33]} 38. Rc5 {[%emt 0:00:17]} Ne7 {[%emt 0:00:31]} 39. Rc7 {[%emt 0:00:23]} Qd8 {[%emt 0:01:06]} 40. Qxe8+ {[%emt 0:00:00]} Qxe8 {[%emt 0:00:00]} 41. Bd6 {[%emt 0:01:07]} Kg8 {[%emt 0:10:11]} 42. Rxe6 {[%emt 0:01:24]} Qd8 {[%emt 0:06:31]} 43. Be5 {[%emt 0:02:01]} Rf7 {[%emt 0:01:00]} 44. Rb7 {[%emt 0:03:29]} Nc8 {[%emt 0:04:20]} 45. Rb8 {[%emt 0:00:05]} Qxg5+ {[%emt 0:00:58]} 46. Kf1 {[%emt 0:00:24]} Rf8 {[%emt 0:00:19]} 47. Rb7 {[%emt 0:00:20]} Qc1+ {[%emt 0:01:13]} 48. Kg2 {[%emt 0:00:06]} Qg5+ {[%emt 0:01:24]} 49. Kf1 {[%emt 0:01:43]} Qc1+ {[%emt 0:03:07]} 50. Kg2 {[%emt 0:00:08]} Qh6 51. Rc6 1/2-1/2

[Event "55th Rubinstein Memorial-A 2019"]
[Site "Polanica-Zdroj"]
[Date "2019.08.21"]
[Round "5.22"]
[White "Grochol, Kamil"]
[Black "Rosicki, Marcin"]
[Result "0-1"]
[WhiteElo "1837"]
[BlackElo "2042"]
[Annotator "NA"]
[PlyCount "70"]
[EventDate "2019.08.17"]
[EventType "swiss"]
[EventCountry "POL"]
[SourceTitle "playchess.com"]
[Source "ChessBase"]
[SourceQuality "1"]
[TimeControl "40/5400+30:1800+30"]

1. d4 {[%emt 0:00:00]} c5 {[%emt 0:03:52]} 2. c3 {[%emt 0:00:13]} e6 {[%emt 0:01:39]} 3. Nf3 {[%emt 0:04:39]} d5 {[%emt 0:04:03]} 4. Bf4 {[%emt 0:00:50]} Nc6 {[%emt 0:00:45]} 5. e3 {[%emt 0:00:31]} Nf6 {[%emt 0:00:04]} 6. Nbd2 {[%emt 0:00:50]} Be7 {[%emt 0:01:05]} 7. Ne5 {[%emt 0:01:57]} O-O {[%emt 0:00:48]} 8. Bd3 {[%emt 0:00:27]} Re8 {[%emt 0:00:59]} 9. h4 {[%emt 0:01:29]} Qb6 {[%emt 0:34:43]} 10. Rb1 {[%emt 0:04:35]} cxd4 {[%emt 0:04:13]} 11. exd4 {[%emt 0:03:08]} h5 {[%emt 0:08:51]} 12. Ndf3 {[%emt 0:37:39]} Nxe5 {[%emt 0:05:06]} 13. Nxe5 {[%emt 0:01:24]} Bd6 {[%emt 0:00:08]} 14. O-O {[%emt 0:09:21]} Ng4 {[%emt 0:13:21]} 15. Qf3 {[%emt 0:07:21]} Bxe5 {[%emt 0:07:28]} 16. Bxe5 {[%emt 0:01:24]} Bd7 {[%emt 0:01:53]} 17. Rfe1 {[%emt 0:00:54]} Bb5 {[%emt 0:02:16]} 18. Bc2 {[%emt 0:01:10]} Qd8 {[%emt 0:01:44]} 19. Qg3 {[%emt 0:04:45]} Kf8 {[%emt 0:01:16]} 20. Bd6+ {[%emt 0:05:25]} Kg8 {[%emt 0:00:05]} 21. f3 {[%emt 0:01:02]} Nh6 {[%emt 0:02:48]} 22. Be5 {[%emt 0:01:04]} f6 {[%emt 0:00:04]} 23. Bf4 {[%emt 0:00:07]} Nf5 {[%emt 0:00:04]} 24. Qg6 {[%emt 0:01:18]} Re7 {[%emt 0:01:16]} 25. g4 {[%emt 0:02:40]} Be8 {[%emt 0:00:06]} 26. Bxf5 {[%emt 0:00:56]} Bxg6 {[%emt 0:00:05]} 27. Bxg6 {[%emt 0:00:09]} hxg4 {[%emt 0:00:15]} 28. fxg4 {[%emt 0:00:02]} e5 {[%emt 0:00:45]} 29. dxe5 {[%emt 0:00:13]} fxe5 {[%emt 0:00:45]} 30. Bg5 {[%emt 0:05:54]} Qb6+ {[%emt 0:00:04]} 31. Kg2 {[%emt 0:00:17]} Qxg6 {[%emt 0:00:05]} 32. Bxe7 {[%emt 0:00:08]} Qxg4+ {[%emt 0:00:07]} 33. Kh2 {[%emt 0:00:20]} Re8 {[%emt 0:00:18]} 34. Bg5 {[%emt 0:00:05]} Rf8 {[%emt 0:00:26]} 35. Rf1 {[%emt 0:00:45]} Qe2+ {[%emt 0:00:06]} 0-1

[Event "55th Rubinstein Memorial-A 2019"]
[Site "Polanica-Zdroj"]
[Date "2019.08.21"]
[Round "5.23"]
[White "Jedynak, January"]
[Black "Czarniecka, Aleksandra"]
[Result "0-1"]
[WhiteElo "1822"]
[BlackElo "2042"]
[Annotator "NA"]
[PlyCount "120"]
[EventDate "2019.08.17"]
[EventType "swiss"]
[EventCountry "POL"]
[SourceTitle "playchess.com"]
[Source "ChessBase"]
[SourceQuality "1"]
[TimeControl "40/5400+30:1800+30"]

1. e4 c5 2. Nf3 d6 3. Bb5+ Bd7 4. Bxd7+ Qxd7 5. c4 Nc6 6. Nc3 g6 7. d4 cxd4 8. Nxd4 Bg7 9. Be3 Nf6 10. f3 O-O 11. O-O a6 12. a4 e6 13. Rc1 Ne5 14. b3 Qc7 15. Qd2 Nfd7 16. Rfd1 Nc5 17. Rb1 Rfd8 18. h3 b6 19. f4 Nc6 20. f5 Ne5 21. Qf2 Qe7 22. Kh1 Rac8 23. Rf1 Ncd7 24. Rbd1 h6 25. Qd2 Kh7 26. Nde2 Nc5 27. Nd4 Nxb3 28. Nxb3 Nxc4 29. Nd5 Nxd2 30. Nxe7 Nxf1 31. Nxc8 Nxe3 32. Rc1 gxf5 33. exf5 Nxf5 34. Nxb6 Ng3+ 35. Kh2 Be5 36. Rc6 d5 37. Nc5 Ne2+ 38. Kh1 Nd4 39. Rc8 Rxc8 40. Nxc8 a5 41. Nb7 Bc7 42. Kg1 Nc6 43. Kf2 Kg6 44. Ke3 f5 45. Nc5 d4+ 46. Kd3 e5 47. Kc4 e4 48. Kb5 d3 49. Nb3 Nd4+ 50. Nxd4 d2 51. Ne7+ Kf7 52. Nexf5 d1=Q 53. Nxh6+ Kg6 54. Nhf5 Be5 55. Ne7+ Kf7 56. Ndc6 e3 57. Kxa5 e2 58. Nxe5+ Kxe7 59. Nf3 e1=Q+ 60. Nxe1 Qxe1+ 0-1